Auditing (Record no. 6663)

MARC details
005 - DATE AND TIME OF LATEST TRANSACTION
control field 20250711093619.0
020 ## - INTERNATIONAL STANDARD BOOK NUMBER
International Standard Book Number 978-473-74931-3
082 ## - DEWEY DECIMAL CLASSIFICATION NUMBER
Classification number 657.45 MIL
100 ## - MAIN ENTRY--PERSONAL NAME
Author name MILLICHAMP, A
245 ## - TITLE STATEMENT
Title Auditing
250 ## - EDITION STATEMENT
Edition statement 11th Ed .
260 ## - PUBLICATION, DISTRIBUTION, ETC.
Place of publication, distribution, etc. London,
Name of publisher, distributor, etc. Cengage Learning EMEA,
Date of publication, distribution, etc. 2018
300 ## - PHYSICAL DESCRIPTION
Extent xviii, 530p.: ill.; figure,
Other physical details glossary & index,
Dimensions 24cm.
700 ## - ADDED ENTRY--PERSONAL NAME
Other authors/Editors TAYLOR, J
856 ## - ELECTRONIC LOCATION AND ACCESS
Link text Access Online Book
Electronic name Auditing
Path www.cengage.co.uk
942 ## - ADDED ENTRY ELEMENTS (KOHA)
Source of classification or shelving scheme Dewey Decimal Classification
Koha item type Books
Holdings
Date last seen Total checkouts Full call number Barcode Cost, replacement price Price effective from Koha item type Lost status Source of classification or shelving scheme Damaged status Not for loan Withdrawn status Home library Current library Shelving location Date acquired Cost, normal purchase price
07/11/2025   657.45 MIL 00000013630 180000.00 07/11/2025 Books   Dewey Decimal Classification       College of Business Education Main Library College of Business Education Main Library General Collection 06/26/2025 60000.00
07/11/2025   657.45 MIL 00000013631 180000.00 07/11/2025 Books   Dewey Decimal Classification       College of Business Education Main Library College of Business Education Main Library General Collection 06/26/2025 60000.00
07/11/2025   657.45 MIL 00000013632 180000.00 07/11/2025 Books   Dewey Decimal Classification       College of Business Education Main Library College of Business Education Main Library General Collection 06/26/2025 60000.00
07/11/2025   657.45 MIL 00000013633 180000.00 07/11/2025 Books   Dewey Decimal Classification       College of Business Education Main Library College of Business Education Main Library General Collection 06/26/2025 60000.00